• 首页
  • 本馆介绍
  • 公告通知
  • 最新文献
  • 馆藏检索
  • 电子资源
  • 读者导购
  • 参考咨询
  • 我的图书馆
  • 登录
  • 详细信息显示
  • 放入我的书架
  • 预约/预借图书
  • 作者相关作品
  • 分类相关作品
  • 丛书相关作品
  • 出版社相关作品

书目信息

  • 表格格式
  • 工作单格式
  • 卡片格式
题名:
微分学
    
 
作者: H.H.鲁金 著 ;谭家岱 , 张理京 译
分册: 下册  
出版信息: 北京   高等教育出版社  1954
页数: 473页
开本: 20cm
丛书名:
单 册:
中图分类: O172.1
科图分类:
主题词: 微分--高等学校--教材
电子资源:
ISBN:
000 00803nam0 2200277 45
001 0194008018
005 20060921095456.56
010    @dCNY0.90
091    @a13010.228
100    @a19940220d1954 em y0chiy0121 ea
101 0  @achi
102    @aCN@b110000
102    @aCN@b110000
105    @ay z 000yy
200 10 @a微分学@AWEI FEN XUE@h下册@f(俄)H.H.鲁金著@g谭家岱,张理京译@Gtan jia dai,zhang li jing yi@F(e)H.H.lu jin zhu
210    @a北京@c高等教育出版社@d1954
215    @a473页@d20cm
300    @a高等数学教学用书
540 1  @a微分学@AWEI FEN XUE
606    @a微分@x高等学校@x教材
690    @aO172.1@v三版
701  0 @aH.H.鲁金@AH.H.lu jin@4著
702  0 @a谭家岱@Atan jia dai@4译
702  0 @a张理京@Azhang li jing@4译
801  0 @aCN@bTSSF@c20060921
905    @dO172.1@e88:2
    
    微分学.下册/(俄)H.H.鲁金著/谭家岱,张理京译.-北京:高等教育出版社,1954
    473页;20cm
    高等数学教学用书
    
    ISBN :CNY0.90
    
●
相关链接 在E读中查询图书 在五车中查询图书 在当当中查询图书 在豆瓣中查询图书


正题名:微分学     索取号:O172.1/88:2         预约/预借

序号 登录号 条形码 馆藏地/架位号 状态 备注
1 0422108   204221083   密集书库/ [索取号:O172.1/88:2] 在馆    
唐山师范学院图书馆 欢迎您!
大连网信软件有限公司© 版权所有